<?xml version="1.0" encoding="UTF-8"?>
<record
    xmlns:xsi="http://www.w3.org/2001/XMLSchema-instance"
    xsi:schemaLocation="http://www.loc.gov/MARC21/slim http://www.loc.gov/standards/marcxml/schema/MARC21slim.xsd"
    xmlns="http://www.loc.gov/MARC21/slim">

  <leader>02212cam a22002658i 4500</leader>
  <controlfield tag="003">KPN</controlfield>
  <controlfield tag="005">20260512143918.0</controlfield>
  <controlfield tag="008">20260417b  00| 0 my d</controlfield>
  <datafield tag="020" ind1=" " ind2=" ">
    <subfield code="z">9781647826239</subfield>
    <subfield code="q">hardcover</subfield>
    <subfield code="c">RM200.64</subfield>
    <subfield code="a">9781647826239</subfield>
  </datafield>
  <datafield tag="040" ind1=" " ind2=" ">
    <subfield code="c">KPN</subfield>
  </datafield>
  <datafield tag="082" ind1="0" ind2="0">
    <subfield code="a">352.367 DEC 2024</subfield>
    <subfield code="2">23</subfield>
  </datafield>
  <datafield tag="100" ind1="1" ind2=" ">
    <subfield code="a">De Cremer, David,</subfield>
    <subfield code="e">author.</subfield>
  </datafield>
  <datafield tag="245" ind1="1" ind2="4">
    <subfield code="a">The AI-savvy leader :</subfield>
    <subfield code="b">9 ways to take back control and make ai work /</subfield>
    <subfield code="c">David De Cremer.</subfield>
  </datafield>
  <datafield tag="264" ind1=" " ind2="1">
    <subfield code="a">Boston, Massachusetts :</subfield>
    <subfield code="b">Harvard Business Review Press,</subfield>
    <subfield code="c">2024</subfield>
  </datafield>
  <datafield tag="300" ind1=" " ind2=" ">
    <subfield code="a">vi, 216 pages</subfield>
    <subfield code="b">21 cm</subfield>
  </datafield>
  <datafield tag="504" ind1=" " ind2=" ">
    <subfield code="a">Includes bibliographical references and index.</subfield>
  </datafield>
  <datafield tag="520" ind1=" " ind2=" ">
    <subfield code="a">"AI is coming fast and will affect every part of a business, including the role of the leader. And up until now, leaders have largely ceded their role in the transformation-pushing determination of strategy out to tech teams and leaving investment decisions with groups that don't have a full view of the organization. Just when responsible leadership is more imperative than ever, leaders are not stepping up to understand and execute in the new world of human-machine collaboration. A generation of AI transformation failures awaits if leaders don't connect their use of AI to their strategies. This book helps leaders retake control of the wildly rapid deployment of AI across organizations. It outlines cleanly and concisely nine actions leaders need to take to successfully steward a transition to a more AI-centric future that will lead to growth for all-companies and workers-and avoid the kinds of mistakes that author David De Cremer has seen many early adopters already make. This is not a book about AI technology itself or the latest developments in machine learning but rather a clarion call for leaders to take their rightful place at the front of the AI revolution and lead their organization into the new world"--</subfield>
    <subfield code="c">Provided by publisher.</subfield>
  </datafield>
  <datafield tag="588" ind1=" " ind2=" ">
    <subfield code="a">Description based on print version record and CIP data provided by publisher; resource not viewed.</subfield>
  </datafield>
  <datafield tag="650" ind1=" " ind2="0">
    <subfield code="a">Organizational change.</subfield>
  </datafield>
  <datafield tag="650" ind1=" " ind2="0">
    <subfield code="a">Leadership.</subfield>
  </datafield>
  <datafield tag="650" ind1=" " ind2="0">
    <subfield code="a">Manangement</subfield>
    <subfield code="x">Technological innovations.</subfield>
  </datafield>
  <datafield tag="650" ind1=" " ind2="0">
    <subfield code="a">Artificial intelligence</subfield>
    <subfield code="x">Economic aspects..</subfield>
  </datafield>
  <datafield tag="942" ind1=" " ind2=" ">
    <subfield code="2">ddc</subfield>
    <subfield code="c">1</subfield>
    <subfield code="n">0</subfield>
  </datafield>
  <datafield tag="999" ind1=" " ind2=" ">
    <subfield code="c">1820</subfield>
    <subfield code="d">1820</subfield>
  </datafield>
  <datafield tag="952" ind1=" " ind2=" ">
    <subfield code="0">0</subfield>
    <subfield code="1">0</subfield>
    <subfield code="2">ddc</subfield>
    <subfield code="4">0</subfield>
    <subfield code="7">0</subfield>
    <subfield code="8">NF</subfield>
    <subfield code="a">KPN</subfield>
    <subfield code="b">KPN</subfield>
    <subfield code="c">NFIC300</subfield>
    <subfield code="d">2026-04-17</subfield>
    <subfield code="l">0</subfield>
    <subfield code="o">352.367 DEC 2024</subfield>
    <subfield code="p">KPN26040054</subfield>
    <subfield code="r">2026-04-17</subfield>
    <subfield code="w">2026-04-17</subfield>
    <subfield code="y">1</subfield>
  </datafield>
</record>
